Viaje alrededor del patio

Guardat en:
Dades bibliogràfiques
Autor principal: Leis, Raul
Format: Llibre
Idioma:Undetermined
Publicat: Panamá, Panamá Signos 1987
Matèries:
Etiquetes: Afegir etiqueta
Sense etiquetes, Sigues el primer a etiquetar aquest registre!

MARC

LEADER 00000nam a2200000Ia 4500
008 170316s9999 xx 000 0 und d
040 |a cru BVZT 
090 |a 860 L-10.1v 
100 |a Leis, Raul 
245 |a Viaje alrededor del patio 
260 |a Panamá, Panamá 
260 |b Signos 
260 |c 1987 
300 |a 80 páginas 
650 |a LITERATURA LATINOAMERICANA 
999 |c 8856  |d 8856 
942 |c 15 D  |h 860 L-10.1v  |2 z